000 01506cam a2200409 i 4500
999 _c171
_d171
001 vtls002113441
003 VRT
005 20190729141834.0
008 170612t20112011nyua j 000 f eng d
020 _a9780385739788
_q(paperback) :
020 _a0385739788
_q(paperback)
035 _a(OCoLC)ocn726819891
040 _aBTCTA
_beng
_erda
_cBTCTA
_dYDXCP
_dNTAUP
_dTKU
042 _anbic
082 _aFIC THO
100 1 _aThompson, Holly,
_eauthor.
245 1 0 _aOrchards :
_ba novel /
_cHolly Thompson ; illustrations by Grady McFerrin.
250 _aFirst Ember edition.
264 1 _aNew York, N.Y. :
_bEmber,
_c2012.
264 4 _c©2011.
300 _a327 pages :
_billustrations ;
_c21 cm.
336 _atext
_btxt
_2rdacontent.
337 _aunmediated
_bn
_2rdamedia.
338 _avolume
_bnc
_2rdacarrier.
520 _aSent to Japan for the summer after an eighth-grade classmate's suicide, half-Japanese, half-Jewish Kana Goldberg tries to fit in with relatives she barely knows and reflects on the guilt she feels over the tragedy back home.
521 _aGrades 7-10.
650 0 _aJapanese Americans
_vFiction.
650 0 _aJews
_zUnited States
_vFiction.
650 0 _aBullying in schools
_vFiction.
650 0 _aHigh school students
_vFiction.
650 0 _aSuicide
_vFiction.
650 0 _aNovels in verse
_vJuvenile fiction.
650 0 _aYoung adult fiction.
651 0 _aJapan
_y21st century
_vFiction.
700 1 _aMcFerrin, Grady,
_eillustrator.
942 _2ddc
_cFIC